| 000 | 00000nam##2200000za#4500 |
| 001 | 9.571803 |
| 003 | CaOODSP |
| 005 | 20210624182915 |
| 007 | cr ||||||||||| |
| 008 | 150406|2000||||xxc|||||o f|0| 0 eng|d |
| 040 | |aCaOODSP|beng |
| 043 | |an-cn--- |
| 086 | 1 |aNH18-24/28CE-PDF |
| 110 | 2 |aCanada Mortgage and Housing Corporation. |
| 245 | 10|aBefore you start renovating your basement - moisture problems |h[electronic resource] |
| 260 | |aOttawa - Ontario : |bCanada Mortgage and Housing Corporation |cc2000. |
| 300 | |a6p.|bfig. |
| 490 | 1 |aAbout your house |vCE28c |
| 590 | |a11-23-Supp|b2011-10-17 |
| 690 | 07|aHome renovations|2gcpds |
| 690 | 07|aConstruction materials|2gcpds |
| 775 | 08|tAvant de rénover votre sous-sol : problèmes d'humidité |w(CaOODSP)9.602226 |
| 776 | 0#|tBefore you start renovating your basement - moisture problems |w(CaOODSP)9.615687 |
| 830 | #0|aAbout your house ;|vCE28c|w(CaOODSP)9.505388 |
| 856 | 40|ahttp://publications.gc.ca|qPDF|s76 KB|uhttps://publications.gc.ca/collections/Collection/NH18-24-28CE.pdf|yCE28c |